000 00493nam a2200181Ia 4500
005 20250326123800.0
008 250326s9999 xx 000 0 und d
037 _aTextbook
040 _aFMSL
_beng
_cFMSL
041 _aeng
_2eng
084 _aS K7
_qFMSL
100 _aWalker L
_9736086
245 0 _aConditioning and instrumental leading
_cWalker L
260 _aCalifornia
_bCalifornia, Brooks/Cole
_c1967
300 _a161p
942 _cTB
_hS K7
999 _c1270935
_d1270935